| 000 | 00675nam a2200121Ia 4500 | ||
|---|---|---|---|
| 008 | 171212s9999 xx 000 0 und d | ||
| 100 | _aClaggett, Shalyn;Karpenko, Lara | ||
| 245 |
_cClaggett, Shalyn;Karpenko, Lara _aStrange Science _bInvestigating the Limits of Knowledge in the Victorian Age |
||
| 260 |
_bUniversity of Michigan Press _c2017 |
||
| 650 | _aLanguage & Literature | ||
| 650 | _aScience -- Social aspects -- Great Britain -- History -- 19th century; Science -- Great Britain -- History -- 19th century; Great Britain -- History -- Victoria, 1837–1901; Parapsychology -- Great Britain -- History -- 19th century | ||
| 856 | _uhttp://jstor.org/stable/j.ctt1qv5ncp | ||
| 999 |
_c353005 _d353005 |
||